000 00956nam0a22002411 4500
001 v19\rc\1302283
005 20260407113534.0
035 _a(NLR Aleph) 004460571
090 _a4516268
_c4516268
100 _a20060512d1881 |||y0rusy50 ca
101 0 _arus
102 _aRU
105 _ay z |||||
200 1 _aПроект инструкции [выдачи ссуд из Общества взаимного поземельного кредита
210 _aСанкт-Петербург]
_dценз. 1881
215 _a2 с.
532 1 3 _aПроект инструкции выдачи ссуд из Общества взаимного поземельного кредита
710 0 2 _aОбщество взаимного поземельного кредита
_cПетербург
_3RU\NLR\AUTH\889944099
_9383379
801 0 _aRU
_bNLR
_gpsbo
801 1 _aRU
_bProSoft-M
_2rusmarc
852 _aNLR
_j18.132.1.202
942 _cBOOK
980 _aNB